| 000 | 00695nam a2200217 a 4500 | ||
|---|---|---|---|
| 001 | 000040351 | ||
| 005 | 20201002034057.0 | ||
| 008 | 130821s2005 mx 000 0 spa d | ||
| 020 | _a9703223761 | ||
| 040 |
_aDO-SdBNP _bspa _cBNPHU |
||
| 100 | 1 |
_aPita Rodríguez, Félix _940054 |
|
| 245 | 1 | 3 |
_aSan Abul de Montecallado / _cViñetas de Rigol. |
| 260 |
_aMéxico : _bUniversidad Nacional Autónoma de México, _c2005. |
||
| 300 |
_a321p. ; _c22 cm. |
||
| 490 | 1 |
_aLunes _v14 |
|
| 500 | _aIncluye datos biográficos del autor p. 3 | ||
| 533 |
_aFacsímil: _bMéxico _d1945 |
||
| 700 | 1 |
_aRigol _966627 |
|
| 710 | 0 |
_aUniversidad Nacional Autónoma de México _942447 |
|
| 830 | 0 |
_aLunes _v14 _966616 |
|
| 999 |
_c39841 _d39841 |
||